000
00248nam a2200097Ia 4500
005
20251222114358.0
008
251222s1900||||xx |||||||||||||| ||spa||
082
_a
DVD0070/L85/1994
245
0
_a
La ciudad y los perros:The City and the Dog
942
_c
DVD
999
_c
1510
_d
1510